| 000 | 00636nam a2200265Ia 4500 | ||
|---|---|---|---|
| 008 | 210210b1965 xxu||||| |||| 00| 0 eng d | ||
| 041 | _aeng | ||
| 082 | _a030/43 | ||
| 100 | _aGUNN (John) Ed | ||
| 245 | _aNelsons biographical dictionary: with a short dictionary of mythology | ||
| 260 |
_aLondon _bThomas Nelson and Sons Limited _c1965 |
||
| 300 | _aviii,592 | ||
| 650 | _awith | ||
| 650 | _ashort | ||
| 650 | _as | ||
| 650 | _aof | ||
| 650 | _aNelson | ||
| 650 | _amythology | ||
| 650 | _adictionary: | ||
| 650 | _adictionary | ||
| 650 | _abiographical | ||
| 650 | _aa | ||
| 690 | _aDictionaries | ||
| 906 | _a000091 | ||
| 999 |
_c76619 _d76619 |
||